000 01038nam0a22002531 4500
001 rc\2788631
005 20230530145716.0
035 _a(NLR Aleph) 006914819
090 _a7385067
_c7385067
100 _a20110915d1935 |||y0rusy50 ca
101 0 _arus
102 _aRU
105 _ay z |||||
200 1 _aИнструкция-памятка кочегару локомобиля
_fСост. инж. К. В. Модин
210 _a[Пермь]
_cТехроп Камгэсстроя
_d1935
_gтип. "Свердполиграф"
215 _aОбл., 8, без тит. л.
_d14х11 см.
225 1 _aСерия производственно-технического инструктажа
_fНКТП - СССР. Главгидроэнергострой. Гос. строительство Камгэс. Техн. отд. Техпропгруппа
_v№ 5
700 1 _aМодин
_bК. В.
801 0 _aRU
_bNLR
_gpsbo
801 1 _aRU
_bELAR
_2rusmarc
852 _aNLR
_j35-15/9-5
942 _cBOOK
980 _aNB